| 000 | 00898nam a2200205 i 4500 | ||
|---|---|---|---|
| 001 | 160629 | ||
| 003 | ES-MaACL | ||
| 005 | 20230906212106.0 | ||
| 008 | 990723s1896 cl |||| | spa d | ||
| 080 | _a556.11(835.22) | ||
| 100 | 1 |
_aNewman, K. _9130452 |
|
| 245 | 1 | 3 |
_aEl kambio de komposizion ke esperimenta el agua de "El Salto" durante el imbierno _b: nota embiada a la Soziedad Zientífika de Balparaíso / _cpor K. Newman. |
| 260 |
_aSantiago de Chile : _b[s.n.], _c1896 ( _fImp. i enkuadernazion Rroma) |
||
| 300 |
_a14 p. ; _c26 cm. |
||
| 530 | _aDisponible en formato digital. | ||
| 597 | _aSe ha respetado la ortografía original. | ||
| 650 | 4 |
_aAgua- _zValparaiso (Chile) _9135543 |
|
| 852 |
_aES-MaACL _jT-828-F-8 _z- Enc. hol., conservando cub. original _z- Enc. en un vol. facticio |
||
| 856 |
_uhttp://bdh-rd.bne.es/viewer.vm?id=0000116019&page=1 _zBiblioteca Digital Hispánica |
||
| 999 |
_c160629 _d160629 |
||